[Event "EU-ch (Women) 24th"]
[Site "Rhodes"]
[Date "2024.04.26"]
[Round "7"]
[White "Aydin, Gulenay"]
[Black "Kakulidis, Ellen"]
[Result "1-0"]
[WhiteElo "2195"]
[BlackElo "2062"]
[PlyCount "77"]
[EventDate "2024.04.19"]
[EventType "swiss"]
[EventRounds "10"]
[EventCountry "GRE"]
[SourceTitle "CB18_2024"]
[SourceDate "2024.05.01"]
[SourceVersion "1"]
[SourceVersionDate "2024.05.01"]
[SourceQuality "2"]

1. e4 e5 2. Nf3 Nc6 3. Nc3 Nf6 4. d4 exd4 5. Nxd4 Bb4 6. Nxc6 bxc6 7. Bd3 0-0 8. 0-0 Re8 9. Bg5 h6 10. Bh4 d5 11. exd5 g5 12. Bg3 cxd5 13. a3 Bd6 14. Bb5 Bg4 15. Qd4 c5 16. Qa4 Re7 17. Nxd5 Nxd5 18. Qxg4 Bxg3 19. hxg3 Qb6 20. Bc4 Nf6 21. Qf5 Qxb2 22. Qg6+ Kh8 23. Qxh6+ Nh7 24. Bd3 Qg7 25. Qc6 Rae8 26. Qxc5 Nf6 27. Qc3 Qh6 28. Rfe1 Kg8 29. Rxe7 Rxe7 30. Re1 Rxe1+ 31. Qxe1 Ng4 32. Qe4 Qh5 33. Qa8+ Kg7 34. Qxa7 Qh2+ 35. Kf1 Qh1+ 36. Ke2 Qa1 37. Qa5 Nh2 38. Qxg5+ Kf8 39. Qh6+ 1-0

[Event "Wch Blitz (Women)"]
[Site "Samarkand"]
[Date "2023.12.30"]
[Round "11"]
[White "Salimova, Nurgyul"]
[Black "Aydin, Gulenay"]
[Result "1-0"]
[WhiteElo "2426"]
[BlackElo "2152"]
[PlyCount "99"]
[EventDate "2023.12.29"]
[EventType "swiss (blitz)"]
[EventRounds "17"]
[EventCountry "UZB"]
[SourceTitle "CB01_2024"]
[SourceDate "2024.01.03"]
[SourceVersion "1"]
[SourceVersionDate "2024.01.03"]
[SourceQuality "1"]

1. d4 Nf6 2. Nf3 g6 3. Nbd2 Bg7 4. e4 d6 5. Bd3 0-0 6. 0-0 c5 7. c3 Nc6 8. h3 a6 9. Re1 e5 10. dxc5 dxc5 11. Bf1 Be6 12. Ng5 Bd7 13. Nc4 b5 14. Ne3 h6 15. Nf3 Be6 16. Qc2 Qe7 17. a4 Rab8 18. axb5 axb5 19. Rd1 Rfc8 20. Nd5 Bxd5 21. exd5 Nd8 22. d6 Qe6 23. Be3 Nb7 24. d7 Nxd7 25. Bxb5 Nf6 26. Ra6 Qe7 27. Be2 Nd8 28. Nd2 Rc6 29. Raa1 Rcb6 30. Nc4 Rc6 31. Qd2 Rcc8 32. Bxh6 Ne4 33. Qe3 Bxh6 34. Qxh6 Qe6 35. Qe3 Nf6 36. Rd6 Qe7 37. Raa6 Nb7 38. Rxf6 Ra8 39. h4 Nd8 40. h5 Ne6 41. Rxa8 Rxa8 42. Qxe5 Ra1+ 43. Kh2 Qf8 44. g3 Qh6 45. Rxe6 fxe6 46. Qxe6+ Kf8 47. Qf6+ Kg8 48. Ne5 Qc1 49. Bc4+ Kh7 50. Qxg6+ 1-0

[Event "Wch Rapid (Women)"]
[Site "Samarkand"]
[Date "2023.12.28"]
[Round "9"]
[White "Zhunusbekova, Aymunzhok"]
[Black "Aydin, Gulenay"]
[Result "1-0"]
[WhiteElo "1527"]
[BlackElo "2152"]
[PlyCount "63"]
[EventDate "2023.12.26"]
[EventType "swiss (rapid)"]
[EventRounds "11"]
[EventCountry "UZB"]
[SourceTitle "CB01_2024"]
[SourceDate "2024.01.03"]
[SourceVersion "1"]
[SourceVersionDate "2024.01.03"]
[SourceQuality "1"]

1. e4 d6 2. d4 Nf6 3. Nc3 e5 4. Be2 exd4 5. Qxd4 Nc6 6. Qd3 Be7 7. Bd2 Be6 8. f4 0-0 9. 0-0-0 Rb8 10. f5 Bd7 11. g4 Ne8 12. h4 Ne5 13. Qg3 c6 14. g5 f6 15. Nh3 b5 16. Rdg1 d5 17. Bf4 d4 18. Nd1 Bd6 19. h5 Qa5 20. gxf6 Nc4 21. Bxc4+ bxc4 22. Bxd6 Rxb2 23. Nxb2 Rxf6 24. Nxc4 Qxa2 25. Qb3 Qa6 26. Be7 Rf7 27. Ne5 Qa1+ 28. Kd2 Qc3+ 29. Qxc3 dxc3+ 30. Kxc3 Rxe7 31. Nxd7 Rxd7 32. h6 1-0

[Event "Wch Rapid (Women)"]
[Site "Samarkand"]
[Date "2023.12.26"]
[Round "3"]
[White "Aydin, Gulenay"]
[Black "Shohradova, Leyla"]
[Result "1-0"]
[WhiteElo "2152"]
[BlackElo "1948"]
[PlyCount "55"]
[EventDate "2023.12.26"]
[EventType "swiss (rapid)"]
[EventRounds "11"]
[EventCountry "UZB"]
[SourceTitle "CB01_2024"]
[SourceDate "2024.01.03"]
[SourceVersion "1"]
[SourceVersionDate "2024.01.03"]
[SourceQuality "1"]

1. e4 e6 2. d4 d5 3. Nd2 c5 4. Ngf3 cxd4 5. Nxd4 Nc6 6. Nxc6 bxc6 7. Bd3 c5 8. exd5 exd5 9. 0-0 c4 10. Re1+ Be7 11. Bf1 Nf6 12. b3 cxb3 13. Ba3 Be6 14. Bb5+ Nd7 15. Bxe7 Qxe7 16. axb3 0-0 17. Bc6 Rac8 18. Bxd5 Nf6 19. Bxe6 fxe6 20. Nc4 Kh8 21. Qe2 Rc6 22. Ra5 g6 23. h3 h6 24. Ne5 Qe8 25. Nxc6 Qxc6 26. Rxa7 Qb6 27. Qe3 Qd8 28. Qxh6+ 1-0

[Event "Ankara Is Bank Cup Kirmizi"]
[Site "Ankara"]
[Date "2023.11.25"]
[Round "5"]
[White "Can, Emre"]
[Black "Aydin, Gulenay"]
[Result "1-0"]
[WhiteElo "2566"]
[BlackElo "2197"]
[PlyCount "69"]
[EventDate "2023.11.23"]
[EventType "tourn"]
[EventRounds "5"]
[EventCountry "TUR"]
[EventCategory "8"]
[SourceTitle "CB48_2023"]
[SourceDate "2023.11.29"]
[SourceVersion "1"]
[SourceVersionDate "2023.11.29"]
[SourceQuality "1"]

1. d4 Nf6 2. c4 g6 3. Nc3 Bg7 4. e4 d6 5. Be2 0-0 6. Nf3 e5 7. 0-0 Bg4 8. d5 a5 9. Be3 Na6 10. Nd2 Bd7 11. a3 h5 12. h3 Nh7 13. b4 f5 14. f3 f4 15. Bf2 Bf6 16. c5 Bh4 17. c6 bxc6 18. dxc6 Bc8 19. Bxh4 Qxh4 20. Qe1 Qd8 21. Nb3 a4 22. Nc1 Ng5 23. Bc4+ Kh8 24. Nd3 Ne6 25. Bxe6 Bxe6 26. Nd5 Rg8 27. Qc3 Rg7 28. b5 Bxd5 29. exd5 Nb8 30. Rfe1 g5 31. Nf2 Ra7 32. Re4 Ra8 33. Rb1 Qf6 34. Rbb4 Qg6 35. Qd3 1-0

[Event "SRB-chT (Women) Div1"]
[Site "Senta"]
[Date "2023.10.11"]
[Round "2.2"]
[White "Voiska, Margarita"]
[Black "Aydin, Gulenay"]
[Result "1/2-1/2"]
[WhiteElo "2151"]
[BlackElo "2143"]
[PlyCount "48"]
[EventDate "2023.10.10"]
[EventType "team-tourn"]
[EventRounds "11"]
[EventCountry "SRB"]
[SourceTitle "Mega2024 Update 01"]
[Source "Chessbase"]
[SourceDate "2023.11.12"]
[SourceVersion "1"]
[SourceVersionDate "2023.11.12"]
[SourceQuality "1"]
[WhiteTeam "Nova Varos Zlatar (W)"]
[BlackTeam "Lucani Mladost (W)"]
[WhiteTeamCountry "SRB"]
[BlackTeamCountry "SRB"]

1. d4 Nf6 2. g3 c5 3. d5 b5 4. Bg2 d6 5. a4 b4 6. c4 bxc3 7. Nxc3 g6 8. Nf3 Bg7 9. 0-0 0-0 10. e4 Ng4 11. h3 Ne5 12. Nxe5 Bxe5 13. Kh2 Bg7 14. Re1 Nd7 15. Qc2 Rb8 16. Nb5 Qb6 17. Rb1 Ba6 18. Bf1 Bxb5 19. Bxb5 Ne5 20. Kg2 c4 21. Be3 Qa5 22. Bd2 Qb6 23. Be3 Qa5 24. Bd2 Qb6 1/2-1/2

[Event "Titled Tuesday intern op 15th Aug Late"]
[Site "Chess.com INT"]
[Date "2023.08.15"]
[Round "3"]
[White "Aydin, Gulenay"]
[Black "Kramnik, Vladimir"]
[Result "0-1"]
[WhiteElo "2143"]
[BlackElo "2753"]
[PlyCount "72"]
[EventDate "2023.08.15"]
[EventType "swiss (blitz)"]
[EventRounds "11"]
[EventCountry "USA"]
[SourceTitle "EXT 2024"]
[Source "ChessBase"]
[SourceDate "2023.10.10"]
[SourceVersion "1"]
[SourceVersionDate "2023.10.10"]
[SourceQuality "1"]

1. e4 c5 2. Nf3 e6 3. c3 d5 4. exd5 Qxd5 5. d4 Nf6 6. Bd3 Be7 7. 0-0 0-0 8. Be3 cxd4 9. cxd4 Nc6 10. Nc3 Qd6 11. a3 Bd7 12. Qe2 Rfd8 13. Rad1 Be8 14. Bb1 h6 15. Qd3 Rac8 16. Rfe1 Bf8 17. Ne4 Nxe4 18. Qxe4 f5 19. Qh4 Bf7 20. Bf4 Qe7 21. Qg3 Qf6 22. Nh4 Nxd4 23. Bd3 Bc5 24. b4 Bb6 25. Nf3 Nxf3+ 26. Qxf3 Bc7 27. Bxc7 Rxc7 28. Bf1 Rcd7 29. Rxd7 Rxd7 30. Rc1 Qd8 31. g3 Kh7 32. Qc3 b6 33. h4 Rd1 34. Rxd1 Qxd1 35. Qc7 Bh5 36. Qxa7 Be2 0-1

[Event "TUR-chT"]
[Site "Ankara"]
[Date "2023.07.17"]
[Round "8.6"]
[White "Aydin, Gulenay"]
[Black "Ozturk Orenli, Kubra"]
[Result "1/2-1/2"]
[WhiteElo "2145"]
[BlackElo "2319"]
[PlyCount "68"]
[EventDate "2023.07.10"]
[EventType "team-tourn"]
[EventRounds "11"]
[EventCountry "TUR"]
[SourceTitle "EXT 2024"]
[Source "ChessBase"]
[SourceDate "2023.10.10"]
[SourceVersion "1"]
[SourceVersionDate "2023.10.10"]
[SourceQuality "1"]
[WhiteTeam "Bursa Buyuksehir"]
[BlackTeam "Gokturk"]
[WhiteTeamCountry "TUR"]
[BlackTeamCountry "TUR"]

1. e4 e5 2. Nf3 Nc6 3. Nc3 Nf6 4. d4 Bb4 5. Nxe5 Nxe4 6. Qf3 Nd6 7. Be3 0-0 8. Bd3 Qe7 9. Nxc6 dxc6 10. 0-0 Bxc3 11. bxc3 Be6 12. Rfe1 Rae8 13. Bf4 Qd7 14. a4 Bd5 15. Qg3 Ne4 16. Bxe4 Bxe4 17. Be5 Bg6 18. Bxc7 Bxc2 19. a5 Re6 20. Rxe6 Qxe6 21. Qe3 Qd7 22. Qd2 Bb3 23. Bf4 Bc4 24. Re1 Re8 25. Rxe8+ Qxe8 26. Qe3 Qxe3 27. Bxe3 f5 28. f3 Kf7 29. Kf2 Ke6 30. Bf4 Kd5 31. Ke3 Bf1 32. g4 g6 33. Bb8 a6 34. g5 Bc4 1/2-1/2

[Event "TUR-chT"]
[Site "Ankara"]
[Date "2023.07.12"]
[Round "3.3"]
[White "Aydin, Gulenay"]
[Black "Caglar, Sila"]
[Result "1/2-1/2"]
[WhiteElo "2145"]
[BlackElo "2235"]
[PlyCount "177"]
[EventDate "2023.07.10"]
[EventType "team-tourn"]
[EventRounds "11"]
[EventCountry "TUR"]
[SourceTitle "EXT 2024"]
[Source "ChessBase"]
[SourceDate "2023.10.10"]
[SourceVersion "1"]
[SourceVersionDate "2023.10.10"]
[SourceQuality "1"]
[WhiteTeam "Bursa Buyuksehir"]
[BlackTeam "Hukukcu Fenerbahceliler"]
[WhiteTeamCountry "TUR"]
[BlackTeamCountry "TUR"]

1. e4 c5 2. Nf3 Nc6 3. Bb5 d6 4. 0-0 Bd7 5. Re1 a6 6. Bf1 Bg4 7. c3 e6 8. d4 Bxf3 9. gxf3 Qh4 10. Be3 Nf6 11. Bg2 g5 12. Nd2 Be7 13. Nf1 Nh5 14. b4 Rd8 15. Rb1 b5 16. a4 c4 17. axb5 axb5 18. Ra1 0-0 19. Ra6 Rc8 20. Rb6 f5 21. Rxb5 f4 22. Bc1 Bf6 23. Rb6 Rfd8 24. h3 Rd7 25. Qa4 Rdc7 26. Rd1 Be7 27. b5 Nd8 28. Ba3 Nf7 29. Ra6 g4 30. hxg4 Nf6 31. b6 Rb7 32. Ra8 Rd8 33. Rb1 Nd7 34. Rxd8+ Nxd8 35. Qxc4 d5 36. exd5 Nxb6 37. Qa6 Bxa3 38. Rxb6 Rxb6 39. Qxb6 Qe7 40. dxe6 Nxe6 41. Qb8+ Kg7 42. Qe5+ Qf6 43. Qa5 Be7 44. Nd2 Ng5 45. Qd5 Qa6 46. Ne4 Qa1+ 47. Kh2 Nxe4 48. Qxe4 Bf6 49. Qb7+ Kg6 50. Qc8 h6 51. g5 hxg5 52. Bh3 Qe1 53. Bf5+ Kg7 54. Kg2 Qe7 55. Be6 Qd8 56. Qb7+ Qe7 57. Qd5 Qd8 58. Qe4 Qd6 59. Qf5 Qe7 60. Bd5 Qd6 61. Be4 Qe7 62. Kh3 Qf7 63. Kg4 Kh6 64. Kh3 Kg7 65. Qh7+ Kf8 66. Qxf7+ Kxf7 67. Kg2 Bd8 68. c4 Bf6 69. d5 Be7 70. Kh3 Kf6 71. Kg4 Bc5 72. Bf5 Bd6 73. Bc8 Bc5 74. Kh5 Bf8 75. Bh3 Bc5 76. Kh6 Bf8+ 77. Kh5 Bc5 78. Bc8 Bf8 79. Kg4 Be7 80. Kh3 Ke5 81. Kg2 Bd6 82. Kf1 Kd4 83. Ba6 Bc5 84. Ke2 Bb4 85. Kd1 Kc3 86. Ke1 Kd3+ 87. Kf1 Kd4 88. Ke2 Kc3 89. Kf1 1/2-1/2

[Event "Cesme op-A 9th"]
[Site "Cesme"]
[Date "2023.06.22"]
[Round "5"]
[White "Aydin, Gulenay"]
[Black "Zaksaite, Salomeja"]
[Result "0-1"]
[WhiteElo "2099"]
[BlackElo "2304"]
[PlyCount "82"]
[EventDate "2023.06.19"]
[EventType "swiss"]
[EventRounds "9"]
[EventCountry "TUR"]
[SourceTitle "CBM 214 Extra"]
[Source "ChessBase"]
[SourceDate "2023.07.31"]
[SourceVersion "1"]
[SourceVersionDate "2023.07.31"]
[SourceQuality "1"]

1. e4 d6 2. d4 Nf6 3. Nc3 e5 4. dxe5 dxe5 5. Qxd8+ Kxd8 6. Bc4 Be6 7. Bxe6 fxe6 8. Be3 Bd6 9. f3 Ke7 10. 0-0-0 Nbd7 11. Nge2 a6 12. h3 h6 13. f4 exf4 14. Nxf4 Ne5 15. Bd4 Nfd7 16. Nd3 Rhf8 17. Rhf1 g5 18. Ne2 b5 19. b3 c5 20. Be3 c4 21. Nxe5 Nxe5 22. Bd4 Rac8 23. Bc3 Rxf1 24. Rxf1 b4 25. Bd4 a5 26. Kd2 a4 27. Bxe5 Bxe5 28. bxc4 Rxc4 29. Kd3 Rc8 30. Rb1 Rd8+ 31. Ke3 Bd6 32. c3 Bc5+ 33. Kf3 Rd3+ 34. Kg4 bxc3 35. Rc1 Bb4 36. a3 Ba5 37. Kh5 e5 38. Kxh6 Re3 39. Rc2 Kf6 40. g3 Rd3 41. Kh5 Rd2 0-1

[Event "Titled Tuesday intern op 06th Jun Late"]
[Site "Chess.com INT"]
[Date "2023.06.06"]
[Round "1"]
[White "Sarana, Alexey"]
[Black "Aydin, Gulenay"]
[Result "1-0"]
[WhiteElo "2685"]
[BlackElo "2099"]
[PlyCount "63"]
[EventDate "2023.06.06"]
[EventType "swiss (blitz)"]
[EventRounds "11"]
[EventCountry "USA"]
[SourceTitle "EXT 2024"]
[Source "ChessBase"]
[SourceDate "2023.10.10"]
[SourceVersion "1"]
[SourceVersionDate "2023.10.10"]
[SourceQuality "1"]

1. d4 Nf6 2. c4 g6 3. Nc3 Bg7 4. g3 0-0 5. Bg2 d6 6. Nf3 Nc6 7. 0-0 a6 8. b3 e5 9. Bb2 exd4 10. Nxd4 Nxd4 11. Qxd4 Nd7 12. Qd2 Re8 13. e4 Nf6 14. h3 Bd7 15. Rfe1 a5 16. Rad1 Bc6 17. Nd5 Nd7 18. Bxg7 Kxg7 19. Qc3+ Kg8 20. f4 Bxd5 21. cxd5 Qb8 22. Kh2 b5 23. e5 Nc5 24. e6 f5 25. Qf6 Rf8 26. Qg5 Qe8 27. g4 fxg4 28. hxg4 b4 29. f5 a4 30. f6 Qb8 31. e7 Re8 32. Qh6 1-0

[Event "Titled Tuesday intern op 30th May Early"]
[Site "Chess.com INT"]
[Date "2023.05.30"]
[Round "2"]
[White "Aydin, Gulenay"]
[Black "Hakobyan, Aram"]
[Result "0-1"]
[WhiteElo "2108"]
[BlackElo "2608"]
[PlyCount "70"]
[EventDate "2023.05.30"]
[EventType "swiss (blitz)"]
[EventRounds "11"]
[EventCountry "USA"]
[SourceTitle "CBM 214 Extra"]
[Source "ChessBase"]
[SourceDate "2023.07.31"]
[SourceVersion "1"]
[SourceVersionDate "2023.07.31"]
[SourceQuality "1"]

1. e4 g6 2. d4 Bg7 3. Nc3 c5 4. dxc5 Bxc3+ 5. bxc3 Nf6 6. Qd4 Nc6 7. Qa4 Qa5 8. Qxa5 Nxa5 9. Bd3 b6 10. cxb6 Bb7 11. f3 axb6 12. Be3 d5 13. Bd4 dxe4 14. fxe4 0-0 15. Bxf6 exf6 16. Ne2 Rfe8 17. Rf1 Kg7 18. Rf4 g5 19. Rf2 Bxe4 20. Kd2 Bxd3 21. cxd3 Nb3+ 22. axb3 Rxa1 23. Nc1 h5 24. d4 b5 25. Rf5 b4 26. c4 Kg6 27. Rb5 h4 28. Rxb4 h3 29. g3 f5 30. d5 f4 31. Rb6+ f6 32. gxf4 g4 33. d6 g3 34. d7 Rd8 35. f5+ Kg5 0-1